| 000 | 00818nam0a22002411 4500 | ||
|---|---|---|---|
| 001 | rc\2992517 | ||
| 005 | 20250530004608.0 | ||
| 035 | _a(NLR Aleph) 007136530 | ||
| 090 |
_a7012404 _c7012404 |
||
| 100 | _a20110915d1936 |||y0rusy50 ca | ||
| 101 | 0 | _arus | |
| 102 | _aRU | ||
| 105 | _aa z ||||| | ||
| 200 | 1 |
_aСибирские кобылки и способы борьбы с ними _fР.П. Бережков |
|
| 205 | _a2-е изд. пересм. | ||
| 210 |
_aНовосибирск _cЗап.-Сиб. краев. изд-во _d1936 _gтип. № 1 ЗСКИК |
||
| 215 |
_aОбл., 56, [3] с. _cил. _d21х14 см |
||
| 700 | 1 |
_aБережков _bР.П. _gРостислав Петрович |
|
| 801 | 0 |
_aRU _bNLR _gpsbo |
|
| 801 | 1 |
_aRU _bELAR _2rusmarc |
|
| 852 |
_aNLR _j36-10/2795 |
||
| 942 | _cBOOK | ||
| 980 | _aNB | ||